000 00736nam a22002177a 4500
003 OSt
005 20150408114217.0
008 140514s2013 nyua b 001 0 eng
020 _a9780393913392 (pbk.)
040 _aMa-Un
082 0 0 _222
_a808.8
_bNOI
245 0 4 _aThe Norton introduction to literature /
_cKelly J. Mays.
250 _aShorter 11th ed.
260 _aNew York :
_bW.W. Norton & Co.,
_c2013.
300 _axxxviii, 1931, A45 p. :
_bill. ;
_c24 cm.
504 _aIncludes bibliographical references and index.
650 _aLiterature
_vCollections.
_939245
700 1 _aMays, Kelly J.
_945018
942 _2ddc
_cBOOK
999 _c35035
_d269535